| 000 | 00945nam a2200253 i 4500 | ||
|---|---|---|---|
| 003 | EG-ScBUE | ||
| 005 | 20231029125608.0 | ||
| 008 | 100704s1991 u f 000 0bara d | ||
| 017 | _a1990 / 9388 | ||
| 020 | _a9770009571 | ||
| 040 |
_aEG-ScBUE _bara _erda _cEG-ScBUE _dEG-ScBUE |
||
| 082 | 0 | 4 |
_222 _a920.02 _bج م ع |
| 100 | 1 |
_915809 _aجمعة، رابح لطفي، _eمؤلف. |
|
| 245 | 1 | 0 |
_aمحمد لطفي جمعة وهؤلاء الأعلام : _b1900-1950 / _cرابح لطفي جمعة. |
| 264 | 1 |
_aالقاهرة : _bدار الوزان للطباعة والنشر، _c1991. |
|
| 300 |
_a557 صفحة ؛ _c25 سم |
||
| 336 |
_2rdacontent _aنص _btxt |
||
| 337 |
_2rdamedia _aبدون وسيط _bn |
||
| 338 |
_2rdacarrier _aمجلد _bnc |
||
| 600 | 1 | 7 |
_2BUEsh _aجمعة، محمد لطفي، _d1886-1953. |
| 650 | 7 |
_915825 _aالسياسيون المصريون _vتراجم. _2BUEsh |
|
| 655 | _vReading book | ||
| 942 |
_2ddc _cBB |
||
| 999 |
_c14362 _d14362 |
||